Impact of cell phone on human health / (Record no. 84365)
[ view plain ]
| 000 -LEADER | |
|---|---|
| fixed length control field | 00975nam a2200253 a 4500 |
| 001 - CONTROL NUMBER | |
| RUCL Control Number | 84365 |
| 003 - CONTROL NUMBER IDENTIFIER | |
| rucl marc code | BD-RjUL |
| 005 - DATE AND TIME OF LATEST TRANSACTION | |
| control field | 20241125153450.0 |
| 008 - FIXED-LENGTH DATA ELEMENTS--GENERAL INFORMATION | |
| fixed length control field | 241125s2023 bg a|||| m||| 00| 0 eng d |
| 035 ## - SYSTEM CONTROL NUMBER | |
| system control number | (BD-RjUL)84365 |
| 040 ## - CATALOGING SOURCE | |
| Original cataloging agency | BD-RjUL |
| Language of cataloging | eng |
| Transcribing agency | BD-RjUL |
| Modifying agency | BD-RjUL |
| 041 ## - LANGUAGE CODE | |
| Language code of Book | eng |
| 082 ## - DEWEY DECIMAL CLASSIFICATION NUMBER | |
| DDC Edition number | 23 |
| Classification number | 613 |
| Author mark and Year | AMI 2023 |
| 100 ## - MAIN ENTRY--PERSONAL NAME | |
| Personal name | Amin, Md. Nurul |
| 9 (RLIN) | 14417 |
| 245 10 - TITLE STATEMENT | |
| Title | Impact of cell phone on human health / |
| Statement of responsibility, etc | Md. Nurul Amin ; |
| Name of Supervisor/Co-Supervisor | Supervisor : Md. Sultan-Ul-Islam, Co-Supervisor : Md. Jawadul Haque |
| 260 ## - PUBLICATION, DISTRIBUTION, ETC. (IMPRINT) | |
| Place of publication, distribution, etc | Rajshahi : |
| Name of publisher, distributor, etc | Institute of Environmental Science, (IES), University of Rajshahi, |
| Date of publication, distribution, etc | 2023 |
| 300 ## - PHYSICAL DESCRIPTION | |
| Pagination | xvi, 134 leaves : |
| Other physical details | ill, ; |
| Dimensions | 29.cm. |
| 502 ## - DISSERTATION NOTE | |
| Dissertation note | Thesis (Ph. D.) -- Institute of Environmental Science, (IES), University of Rajshahi, 2023 |
| 504 ## - BIBLIOGRAPHY, ETC. NOTE | |
| Bibliography, etc | References : Leaves 108 - 134 |
| 650 ## - SUBJECT ADDED ENTRY--TOPICAL TERM | |
| Topical term or geographic name as entry element | Health |
| Form subdivision | Human health |
| 9 (RLIN) | 14418 |
| 700 ## - ADDED ENTRY--SUPERVISOR/CO-SUPERVISOR NAME | |
| Personal name | Islam, Md. Sultan-Ul-, Supervisor |
| 9 (RLIN) | 6676 |
| Personal name | Haque, Md. Jawadul, Co-Supervisor |
| 9 (RLIN) | 6749 |
| 942 ## - ADDED ENTRY ELEMENTS (KOHA) | |
| Source of classification or shelving scheme | Dewey Decimal Classification |
| Koha item type | Theses |
| Source of classification or shelving scheme | Damaged status | Not for loan | Collection code | Permanent Location | Current Location | Shelving location | Date of accession | Source of acquisition | Total Checkouts | Full call number | Barcode | Date last seen | Copy number | Thesis |
|---|---|---|---|---|---|---|---|---|---|---|---|---|---|---|
| Dewey Decimal Classification | Not For Loan | Theses | Central Library, University of Rajshahi | Central Library, University of Rajshahi | Documentation Section | 20/11/2024 | Controller of Exam. R. U. | THE 613 AMI 2023 | D5042 | 25/11/2024 | C-1 | Theses |